Большая война: Роман

Podrobná bibliografie
Hlavní autor: Майрер Э. Энтон
Další autoři: Белащенко Т. К. (переводчик), Качура П. И. (автор предисловия), Волкогонов Д. А.
Shrnutí:Исключено из фонда НТБ ТПУ
Jazyk:ruština
Vydáno: Москва, Воениздат, 1981
Médium: MixedMaterials Kniha
KOHA link:https://koha.lib.tpu.ru/cgi-bin/koha/opac-detail.pl?biblionumber=127856

MARC

LEADER 00000nam0a2200000 4500
001 127856
005 20231031132409.0
035 |a (RuTPU)RU\TPU\book\138305 
090 |a 127856 
100 |a 20071220d1981 m y0rusy50 ca 
101 1 |a rus  |c eng 
102 |a RU 
105 |a y z 001zy 
200 1 |a Большая война  |e Роман  |f Э. Майрер  |g пер. с англ. Т. К. Белащенко ; П. И. Качура ; авт. предисл. Д. А. Волкогонов 
210 |a Москва  |c Воениздат  |d 1981 
215 |a 528 с. 
333 |a Исключено из фонда НТБ ТПУ 
675 |a 82  |v 3 
700 1 |a Майрер  |b Э.  |g Энтон 
702 1 |a Белащенко  |b Т. К.  |4 730 
702 1 |a Качура  |b П. И.  |4 730 
702 1 |a Волкогонов  |b Д. А.  |4 080 
801 1 |a RU  |b 63413507  |c 20071220  |g PSBO 
801 2 |a RU  |b 63413507  |c 20211221  |g RCR 
942 |c BK